Hyppomane, Red Mors / (Record no. 196950)

MARC details
000 -LEADER
campo de control de longitud fija 01201nam a2200289 i 4500
001 - NÚMERO DE CONTROL
campo de control 196950
003 - IDENTIFICADOR DE NÚMERO DE CONTROL
campo de control ES-MaACL
005 - FECHA Y HORA DE LA ÚLTIMA TRANSACCIÓN
campo de control 20250825062708.0
008 - DATOS DE LONGITUD FIJA--INFORMACIÓN GENERAL
campo de control de longitud fija 240220b2024 sp ||||| |||| 00| 0 spa d
020 ## - NÚMERO INTERNACIONAL ESTÁNDAR DEL LIBRO
Número Internacional Estándar del Libro 9788409680764
040 ## - FUENTE DE CATALOGACIÓN
Lengua de catalogación spa
Centro/agencia transcriptor ES-MaACL
100 1# - ENTRADA PRINCIPAL--NOMBRE DE PERSONA
Nombre de persona González Luna, Marivi
9 (RLIN) 239673
Término indicativo de función/relación Autor
245 ## - MENCIÓN DEL TÍTULO
Título Hyppomane, Red Mors /
Mención de responsabilidad, etc. Mariví González Luna ; ilustraciones Mariví González Luna, prólogo Miguel Ángel Curiel, epílogo José María de la Quintana.
260 ## - PUBLICACIÓN, DISTRIBUCIÓN, ETC.
Lugar de publicación, distribución, etc. Colmenar Viejo :
Nombre del editor, distribuidor, etc. Amargord,
Fecha de publicación, distribución, etc. 2024.
300 ## - DESCRIPCIÓN FÍSICA
Extensión 164 páginas :
Otras características físicas ilustrado ;
Dimensiones 24 cm.
336 ## - TIPO DE CONTENIDO
Fuente rdacontent
Término de tipo de contenido texto
337 ## - TIPO DE MEDIO
Fuente rdamedia
Nombre/término del tipo de medio sin mediación
338 ## - TIPO DE SOPORTE
Fuente rdacarrier
Nombre/término del tipo de soporte volumen
655 #7 - TERMINO DE INDIZACIÓN--GENERO/FORMA
Fuente del término tgfbne
9 (RLIN) 176539
Datos o término principal de género/forma Poesías
655 #7 - TERMINO DE INDIZACIÓN--GENERO/FORMA
Fuente del término tgfbne
Datos o término principal de género/forma Libros ilustrados
9 (RLIN) 193653
852 ## - LOCALIZACIÓN
Ubicación ES.MaACL
Ubicación en estantería Depósito J
Número de control de estantería N-10396
Anotaciones manuscritas Dedicatoria autógrafa de la autora
Donativo/Legado Donación: Mariví González Luna
Encuadernación Encuadernación rústica con solapas
itemnumber 206518
903 ## - NOMBRE PERSONAL DE DONANTE
9 239673
a González Luna, Marivi
e Donante
942 ## - ELEMENTOS DE ENTRADA SECUNDARIOS (KOHA)
Tipo de ítem Koha Libro impreso
Suprimir en OPAC No
Holdings
Estatus retirado Estado de pérdida Fuente del sistema de clasificación o colocación Estado de daño No para préstamo Colección Biblioteca de origen Biblioteca actual Ubicación en estantería Fecha de adquisición Fuente de adquisición Total de préstamos Signatura topográfica completa Código de barras Visto por última vez Precio de reemplazo Tipo de ítem Koha
    Clasificación decimal universal     Libros con dedicatorias Biblioteca del Ateneo de Madrid Biblioteca del Ateneo de Madrid Depósito J 10/08/2025 Donación   N-10396 2025-0897 10/08/2025 10/08/2025 Libro impreso